| 000 | 00600nam a2200253Ia 4500 | ||
|---|---|---|---|
| 005 | 20251020182444.0 | ||
| 008 | 200515s9999 xx 000 0 und d | ||
| 020 | _a978-84-86108-91-5 | ||
| 082 | _a534.013/C23 | ||
| 110 | _aCanpo Pina, Ed. | ||
| 245 | 0 | _aConocimientos Técnicos de Gas : Instalador de Gas CategorÃa B | |
| 250 | _a1a ed. | ||
| 260 | _aLima | ||
| 260 | _bCEYSA | ||
| 260 | _c2007 | ||
| 300 | _a313 p. | ||
| 300 | _bil., tbl., graf. | ||
| 500 | _a2 ejemplares | ||
| 650 | _aGAS | ||
| 650 | _aINSTALACIONES DE GAS | ||
| 942 | _cLIB | ||
| 999 |
_c640 _d640 |
||